Songs starting with "Let's ..." - Statistics

General Stats
  • This quiz has been taken 97 times
  • The average score is 5 of 15
Answer Stats
Artist Year Song Title % Correct
David Bowie 1983 Let's {Dance}
94%
Marvin Gaye 1973 Let's {Get} {It} {On}
68%
Chubby Checker 1961 Let's {Twist} {Again}
59%
Al Green 1972 Let's {Stay} {Together}
45%
Earth, Wind & Fire 1981 Let's {Groove}
44%
Rolling Stones 1967 Let's {Spend} {The} {Night} {Together}
40%
Black Eyed Peas 2004 Let's {Get} {It} {Started}
38%
Prince 1984 Let's {Go} {Crazy}
33%
Salt-n-Pepa 1991 Let's {Talk} {About} {Sex}
33%
Jennifer Lopez 1999 Let's {Get} {Loud}
29%
Bryan Ferry 1976 Let's {Stick} {Together}
18%
Flowerpot Men 1967 Let's {Go} {To} {San} {Francisco}
16%
Michael Zager Band 1977 Let's {All} {Chant}
12%
Ella Fitzgerald & Louis Armstrong 1957 Let's {Call} {The} {Whole} {Thing} {Off}
10%
Canned Heat 1970 Let's {Work} {Together}
9%
No matching quizzes found
Score Distribution
Percent of People with Each Score
Percentile by Number Answered
Your Score History
You have not taken this quiz